The practice of godliness. (Record no. 16685)

000 -LEADER
fixed length control field 00494nam a2200169 a 4500
001 - CONTROL NUMBER
control field :::00019864$&:&@@
003 - CONTROL NUMBER IDENTIFIER
control field OkBaRHE
005 - DATE AND TIME OF LATEST TRANSACTION
control field 20100331142957.0
008 - FIXED-LENGTH DATA ELEMENTS--GENERAL INFORMATION
fixed length control field s1948 j 000 0 eng u
040 ## - CATALOGING SOURCE
Transcribing agency
100 1# - MAIN ENTRY--PERSONAL NAME
Personal name Kuyper, Abraham
245 14 - TITLE STATEMENT
Title The practice of godliness.
260 ## - PUBLICATION, DISTRIBUTION, ETC. (IMPRINT)
Place of publication, distribution, etc Grand Rapids, MI
Name of publisher, distributor, etc Baker Book House
Date of publication, distribution, etc 1948
300 ## - PHYSICAL DESCRIPTION
Extent 127 p.
942 ## - ADDED ENTRY ELEMENTS (KOHA)
Source of classification or shelving scheme
Koha item type Books
Copies
Not for loan Full call number Lost status Date last seen Barcode Source of classification or shelving scheme Permanent Location Koha item type Damaged status Price effective from Copy number Date acquired Withdrawn status Shelving location
 BV 4509 .D8 K82 2010-04-1419864 RHEMA Bible Training CollegeBooks 2010-04-1412010-04-14 General Stacks